00578nam a22001697a 450000500170000001000130001702000230003003500110005303700130006408200080007710000370008524500760012224600600019826000420025827000860030030000220038620190805170053.0 aUR-10344 c300.00a8187887192 aU-8899 bDBAD/PUB a440 aمو لف: ضمير الد ين  aلفظيا ت ا شعا ر غا لب cمو لف: ضمير الد ين  bLafziat-e-Ash"AAR-e-Ghalib (Urdu)aby Prof.Zameeruddin  aBhopalbFas Computeronics c2019 ء  a37,Opp. Chowki Talayya Masjid Ghulam Mehmood Road,bBhopale462001k9424417638l- a247 صc22 Cm(Hb)